Nell'officina dell'interprete. La qualificazione del contratto del diritto comune (Secoli XIV-XVI).

I tiakina i:
Ngā taipitopito rārangi puna kōrero
Kaituhi matua: Massironi, Andrea (autore)
Hōputu: Pukapuka
I whakaputaina: Milano, Italia: Dott A. Giuffrè Editore, S.p.A., 2012.
Rangatū:Università degli Studi di Milano "Bicocca".Facoltà di Giurisprudenza,
Ngā marau:
Ngā Tūtohu: Tāpirihia he Tūtohu
Kāore He Tūtohu, Me noho koe te mea tuatahi ki te tūtohu i tēnei pūkete!

MARC

LEADER 00000nam a22000007a 4500
003 CL-VaPUC
005 20220822114724.0
008 220726t2012 ||||| |||| 00| 0 eng d
999 |c 437555  |d 437553 
020 |a 88-14-17326-5 
040 |c Pontificia Universidad Católica de Valparaíso 
082 7 |a 340.55 MAS 2012  |2 22 
100 1 |a Massironi, Andrea  |e autore  |9 873901 
245 |a Nell'officina dell'interprete.  |b La qualificazione del contratto del diritto comune (Secoli XIV-XVI).  
260 |a Milano, Italia:   |b Dott A. Giuffrè Editore, S.p.A.,   |c 2012. 
300 |a 488 páginas.  
490 |a Università degli Studi di Milano "Bicocca".Facoltà di Giurisprudenza,  |n  69. 
500 |a c.1 Donación Familia Prof. Alejandro Guzmán Brito. 
583 |c 20220726  |k Cristina María Rojas Aguilar 
650 |a Contratos   |x Derecho común   |9 873902 
942 |2 ddc  |c BK  |n 0 
952 |0 0  |1 0  |2 ddc  |4 0  |6 340_550000000000000_MAS_2012  |7 1  |8 C_AGB  |9 585334  |a BIBDER  |b BIBDER  |d 2022-07-26  |e Donación   |i 5653358  |o 340.55 MAS 2012  |p 5653358  |r 2023-01-25  |t 1  |w 2022-07-26  |y BK_US  |k AGB